Tajtékos ég új albummal ünnepel a 10-éves KOR-ZÁR

Podrobná bibliografia
Hlavní autori: Oriskó, Norbert, 1964- (ain), Zsapka, Attila (Autor, uin), Zsapka, Zsolt (Autor, uin)
Médium: Článok
Jazyk:maďarčina
Fyzický popis:Fotogr.
Predmet:

MARC

LEADER 00000nab a2200000 a 4500
001 vtls000700174
003 SK-MaSNL
005 20260319074453.0
008 160405c1999 xo 0 hun
015 |a SNBRB1999/09-12805 
035 |a CLN000052341 
040 |a SNKBUCL  |b slo  |c SNKBUCL  |e AACR2 
041 0 |a hun 
044 |a xo  |c SK 
080 |a 78.071.2:784  |2 1997 
080 |a 784  |2 1997 
100 1 |a Oriskó, Norbert,  |d 1964-  |4 ain  |9 440662 
245 1 0 |a Tajtékos ég  |b új albummal ünnepel a 10-éves KOR-ZÁR  |c Oriskó Norbert, Zsapka Attila, Zsapka Zsolt 
300 |b Fotogr. 
610 7 |a KOR-ZÁR (hudobná skupina)  |2 snkbucl  |9 852039 
651 7 |a 201  |2 snkbucl  |9 294639 
655 7 |a články z novín a časopisov  |2 snkbucl  |9 267496 
700 1 |a Zsapka, Attila  |4 aut  |4 uin  |9 852040 
700 1 |a Zsapka, Zsolt  |4 aut  |4 uin  |9 906448 
773 0 |t Ifi  |g Roč. 9, č. 8 (1999), s. 35 
850 |a Slovenská národná knižnica v Martine 
852 |a SNK  |b KIS3GCP 
958 |a HU 
958 |a SK 
958 |a RBX 
999 |c 1451513  |d 1453443